000 00521nam a2200193Ia 4500
005 20250508162325.0
008 008 250505s9999 xx 000 0 eng d
037 _aTextual
040 _aFEDL
_beng
_cFEDL
041 _aeng
_2eng
084 _a370.1, BEL
_qFEDL
100 _aBelok Michael V. Ed.
_9139703
245 0 _aIssues in education
260 _aMeerut, India
_bAnu Prakashan
300 _a202p
650 _aEducation - Philosophy
942 _cTEXL
_h370.1, BEL
999 _c1375835
_d1375835